000 00468nam a2200217 454500
001 071896
003 BD-ChCU
008 Eng
020 _ax
040 _aDLC
_cDLC
_dBD-ChCU
082 0 0 _a183/CAS
100 1 _aCamp, William Martin.
_bx
245 1 0 _aSkip to my lou
_bx
250 _ax
260 _aGarden city
_bDoubleday
_c1945
300 _a401
504 _ax
650 0 _aAmerican fiction
_bAmerican fiction
700 1 _ax
942 _2ddc
_cBK
999 _c71896
_d71896